| 000 | 00479nam a2200157Ia 4500 | ||
|---|---|---|---|
| 008 | 210719s2000 xx 000 0 und d | ||
| 041 | _aeng | ||
| 082 | _a384.5 SEQY | ||
| 100 | _aSEQUEIRA (Sharmila) | ||
| 245 | _aYuvavani programmes over air Mangalore: a analysis | ||
| 260 |
_aMangalore _bSt Aloysius College _c2000 |
||
| 300 |
_a26 _bHB |
||
| 650 | _aProject Reports | ||
| 650 | _aProject Reports | ||
| 906 | _aa ; air ; analysis ; Mangalore: ; over ; programmes ; Yuvavani | ||
| 999 |
_c215092 _d215092 |
||